000 00507nam a2200169 i 4500
001 150937
003 ES-MaACL
005 20230906203752.0
007 t|
008 071121q1920 fr |||| | fre d
100 1 _aDangennes, B.
_942616
245 1 3 _aLa femme moderne
_b: ce que toute femme moderne doit savoir /
_cB. Dangennes.
260 _aParis :
_bNilsson,
_c[ca. 1920]
300 _a124 p. ;
_c23 cm.
650 0 4 _aMujeres-
_xSituación social.
_915317
852 _aES-MaACL
_jR-2231. Olim: G-3052.
999 _c150937
_d150937